[Event "only the better players(over 2400) leisure version"]
[Site "SchemingMind.com"]
[Date "2017.09.08"]
[Round "-"]
[White "Trevor Brotherton"]
[Black "frankly"]
[Result "0-1"]
[WhiteCountry "ENG"]
[BlackCountry "ENG"]
[WhiteElo "2139"]
[WhiteRD "60"]
[BlackElo "2610"]
[BlackRD "61"]
[GameID "418231"]

1. d4 Nf6 2. c4 e6 3. Nc3 Bb4 4. Nf3 b6 5. Qb3 c5 6. Bg5 Bb7 7. e3 Nc6 8. dxc5 h6 9. Bxf6 Qxf6 10. cxb6 Bxc3+
11. Qxc3 Qxc3+ 12. bxc3 axb6
0-1

[Event "only the better players(over 2400) leisure version"]
[Site "SchemingMind.com"]
[Date "2017.09.08"]
[Round "-"]
[White "frankly"]
[Black "Trevor Brotherton"]
[Result "1-0"]
[WhiteCountry "ENG"]
[BlackCountry "ENG"]
[WhiteElo "2610"]
[WhiteRD "61"]
[BlackElo "2139"]
[BlackRD "60"]
[GameID "418232"]

1. e4 Nf6 2. e5 Nd5 3. d4 d6 4. Nf3 dxe5 5. Nxe5 g6 6. c4 Nb6 7. Nc3 Bg7 8. Be3 Be6 9. Qb3 Nc6 10. Nf3 Nxd4
11. Nxd4 Bxd4 12. Rd1 c5 13. Nb5 Qc8 14. Nxd4
1-0

[Event "only the better players(over 2400) leisure version"]
[Site "SchemingMind.com"]
[Date "2017.09.14"]
[Round "-"]
[White "Trevor Brotherton"]
[Black "Jari Laine"]
[Result "0-1"]
[WhiteCountry "ENG"]
[BlackCountry "FIN"]
[WhiteElo "2139"]
[WhiteRD "60"]
[BlackElo "2519"]
[BlackRD "84"]
[GameID "418303"]

1. Nf3 d5 2. b3 Nf6 3. Bb2 e6 4. g3 c5 5. Bg2 Nc6 6. O-O Be7 7. c4 O-O 8. e3 d4 9. exd4 cxd4 10. Re1 Ne8
11. d3 f6
0-1

[Event "only the better players(over 2400) leisure version"]
[Site "SchemingMind.com"]
[Date "2017.09.14"]
[Round "-"]
[White "Jari Laine"]
[Black "frankly"]
[Result "1/2-1/2"]
[WhiteCountry "FIN"]
[BlackCountry "ENG"]
[WhiteElo "2476"]
[WhiteRD "83"]
[BlackElo "2633"]
[BlackRD "68"]
[GameID "418304"]

1. e4 c5 2. Nc3 Nc6 3. g3 g6 4. Bg2 Bg7 5. d3 d6 6. Be3 Rb8 7. Qd2 b5 8. Nge2 b4 9. Nd1 Nd4 10. O-O Qb6
11. Nc1 Be6 12. a3 b3 13. c3 Nc2 14. Rb1 Bd7 15. Ne2 Bb5 16. Bf4 Qa6 17. c4 Bc6 18. h3 Qc8 19. Ndc3 h6 20. g4 Nf6
21. Bh2 Nd7 22. f4 Qb7 23. Bg3 Nb6 24. Nd5 Rd8 25. Nec3 Bd4+ 26. Bf2 h5 27. g5 Nxd5 28. Nxd5 Bg7 29. Kh1 O-O 30. Bg1 Kh7
31. f5 Be5 32. Bh2 Bd4 33. Rf3 Bxd5 34. cxd5 Kg8 35. h4 Qb8 36. Bh3 Rde8 37. Bg3 Kh7 38. Bf4 Bg7 39. Qg2 Nd4 40. Rf2 Nc2
41. Bd2 Bd4 42. Rf3 Be5 43. Ba5 Nd4 44. Rff1 Qb5 45. Qd2 Kg7 46. Rbd1 Rh8 47. Rf2 Ref8 48. Bc3 Qe8 49. Rdf1 Rhg8 50. Ra1 Kh8
51. Raf1 Kh7 52. Rg1 Kg7=
1/2-1/2

[Event "only the better players(over 2400) leisure version"]
[Site "SchemingMind.com"]
[Date "2017.09.14"]
[Round "-"]
[White "frankly"]
[Black "Jari Laine"]
[Result "1-0"]
[WhiteCountry "ENG"]
[BlackCountry "FIN"]
[WhiteElo "2655"]
[WhiteRD "61"]
[BlackElo "2501"]
[BlackRD "87"]
[GameID "418305"]

1. e4 g6 2. d4 d6 3. Nc3 Bg7 4. Be3 c6 5. Qd2 b5 6. Nf3 Nd7 7. h3 Qc7 8. Bd3 Ngf6 9. O-O O-O 10. Ne2 e5
11. dxe5 Nxe5 12. Nxe5 dxe5 13. a4 Be6 14. axb5 cxb5 15. Qa5 Qb7 16. Qxb5 Qxb5 17. Bxb5 Rab8 18. c4 Nxe4 19. Rfd1 Rfc8 20. f3 Nc5
21. Rxa7 Bf8 22. Kh2 Nb3 23. Bd7 Bxd7 24. Rdxd7 Nd4 25. Nxd4 exd4 26. Bxd4 Rxc4 27. Be5 Re8 28. f4 f6 29. Bxf6 Rxf4 30. Bg7 Bc5
31. Rac7 Bb6 32. Rb7 Rd8 33. Bc3 Rxd7 34. Rxd7 Bc5 35. Rg7+ Kf8 36. Rxh7 Bb4 37. Rc7
1-0

[Event "only the better players(over 2400) leisure version"]
[Site "SchemingMind.com"]
[Date "2017.10.25"]
[Round "-"]
[White "Jari Laine"]
[Black "Professor"]
[Result "1/2-1/2"]
[WhiteCountry "FIN"]
[BlackCountry "USA"]
[WhiteElo "2527"]
[WhiteRD "77"]
[BlackElo "2555"]
[BlackRD "80"]
[GameID "419774"]

1. d4 Nf6 2. Bf4 e6 3. Nf3 c5 4. e3 Nc6 5. Nbd2 d5 6. c3 Bd6 7. Bg3 O-O 8. Bd3 b6 9. e4 Be7 10. e5 Nh5
11. Ng5 Bxg5 12. Qxh5 g6 13. Qe2 cxd4 14. h4 Bxd2+ 15. Qxd2 dxc3 16. bxc3 d4 17. Rd1 dxc3 18. Qxc3 Qc7 19. h5 Bb7 20. O-O Rac8
21. Qd2 Qe7 22. Qh6 Rfd8 23. hxg6 fxg6 24. Bh4 Qf8 25. Qxf8+ Rxf8 26. Bc4 Rce8 27. Bf6 Nb4 28. Bb5 Bc6 29. Bxc6 Nxc6 30. Rd7 Rf7
31. Rfd1 Nb8 32. R7d6 Rc7 33. g4 h6 34. Rd8 Rc8 35. R8d3 Rc7 36. Kg2 Na6 37. Rh1 Rh7 38. Rdh3 h5 39. gxh5 gxh5 40. Rxh5 Rxh5
41. Rxh5 Nb4 42. Rh8+ Kf7 43. Rh7+ Kg6 44. Rxa7 Nd5 45. Bh4 Rc8 46. Bg3 Kf5 47. Rf7+=
1/2-1/2

[Event "only the better players(over 2400) leisure version"]
[Site "SchemingMind.com"]
[Date "2017.10.25"]
[Round "-"]
[White "Professor"]
[Black "Jari Laine"]
[Result "1-0"]
[WhiteCountry "USA"]
[BlackCountry "FIN"]
[WhiteElo "2541"]
[WhiteRD "75"]
[BlackElo "2498"]
[BlackRD "73"]
[GameID "419775"]

1. e4 e5 2. Nf3 Nc6 3. Bb5 Nf6 4. d3 Bc5 5. Nbd2 d6 6. c3 O-O 7. h3 a6 8. Ba4 b5 9. Bc2 Bb7 10. O-O Bb6
11. a4 d5 12. Re1 Qd7 13. Qe2 d4 14. Nf1 Kh8 15. Ng3 Ng8 16. Bb3 f6 17. Nf5 Na5 18. Ba2 c5 19. cxd4 cxd4 20. axb5 axb5
21. Bd2 g6 22. Nh6 Nxh6 23. Bxh6 Rfe8 24. h4 Nc6 25. Nh2 Qe7 26. Bd5 Rxa1 27. Rxa1 Nd8 28. Bxb7 Qxb7 29. Qf3 Qc6 30. Bd2 Kg7
31. h5 Nf7 32. Ra6 Rb8 33. Qh3 Qc2 34. Nf3 Qc6 35. Qg3 Ra8 36. Rxa8 Qxa8 37. Nh4 g5 38. Nf5+ Kh8 39. Qf3 Qf8 40. Qd1 Bc5
41. Qb3 b4 42. Qd5 Nd8 43. g3 Nf7 44. Kf1 h6 45. f3 Nd8 46. Nxh6 Qxh6 47. Qxd8+ Qf8 48. Qxf8+
1-0

[Event "only the better players(over 2400) leisure version"]
[Site "SchemingMind.com"]
[Date "2017.10.22"]
[Round "-"]
[White "Professor"]
[Black "frankly"]
[Result "1/2-1/2"]
[WhiteCountry "USA"]
[BlackCountry "ENG"]
[WhiteElo "2599"]
[WhiteRD "82"]
[BlackElo "2655"]
[BlackRD "61"]
[GameID "419778"]

1. e4 c5 2. Nc3 d6 3. g3 Nc6 4. Bg2 g6 5. d3 Bg7 6. Be3 Rb8 7. Qd2 b5 8. f4 b4 9. Nd1 Qb6 10. Nf3 Nh6
11. h3 f5 12. O-O O-O 13. Bf2 Nd4 14. Nxd4 cxd4 15. exf5 Nxf5 16. g4 Nh6 17. Bh4 e6 18. a3 bxa3 19. Rxa3 Bb7 20. Rb3 Qc7
21. Re1 Rfe8 22. Bg3 Nf7 23. Bxb7 Rxb7=
1/2-1/2

[Event "only the better players(over 2400) leisure version"]
[Site "SchemingMind.com"]
[Date "2017.10.21"]
[Round "-"]
[White "frankly"]
[Black "Professor"]
[Result "1/2-1/2"]
[WhiteCountry "ENG"]
[BlackCountry "USA"]
[WhiteElo "2655"]
[WhiteRD "61"]
[BlackElo "2599"]
[BlackRD "82"]
[GameID "419779"]

1. d4 Nf6 2. c4 e6 3. Nf3 Bb4+ 4. Nbd2 d6 5. a3 Bxd2+ 6. Qxd2 Nbd7 7. e3 e5 8. dxe5 dxe5 9. b4 Qe7 10. Be2 b6
11. Bb2 Bb7 12. O-O O-O 13. Rfd1 Rfe8 14. Qc3 Ne4 15. Qb3 c5 16. Nd2 Nxd2 17. Rxd2 Nf8 18. Bf1 Ng6 19. f3 Rad8 20. Rad1 Bc6
21. Rxd8= Rxd8 22. Bc3 Rxd1=
1/2-1/2

[Event "only the better players(over 2400) leisure version"]
[Site "SchemingMind.com"]
[Date "2017.11.05"]
[Round "-"]
[White "Jari Laine"]
[Black "kibic"]
[Result "1/2-1/2"]
[WhiteCountry "FIN"]
[BlackCountry "INT"]
[WhiteElo "2497"]
[WhiteRD "79"]
[BlackElo "2580"]
[BlackRD "96"]
[GameID "420248"]

1. d4 Nf6 2. c4 g6 3. Nc3 Bg7 4. e4 d6 5. Nf3 O-O 6. Be2 e5 7. d5 Na6 8. O-O Nc5 9. Qc2 a5 10. Bg5 h6
11. Be3 b6 12. Nd2 Bg4 13. Qd1 h5 14. Bg5 Qc8 15. f3 Bd7 16. Bh4 Nh7 17. Nb3 Na4 18. Nxa4 Bxa4 19. Qd2 Bf6 20. Bxf6 Nxf6
21. Qg5 Qd8 22. Nd2 Bd7 23. a3 a4 24. Nb1 Nh7 25. Qe3 Qg5 26. Qxg5 Nxg5 27. Nc3=
1/2-1/2

[Event "only the better players(over 2400) leisure version"]
[Site "SchemingMind.com"]
[Date "2017.11.05"]
[Round "-"]
[White "kibic"]
[Black "Jari Laine"]
[Result "1/2-1/2"]
[WhiteCountry "INT"]
[BlackCountry "FIN"]
[WhiteElo "2581"]
[WhiteRD "94"]
[BlackElo "2506"]
[BlackRD "76"]
[GameID "420249"]

1. e4 e5 2. Nf3 Nc6 3. Bb5 Nf6 4. O-O Nxe4 5. d4 Nd6 6. Bxc6 dxc6 7. dxe5 Nf5 8. Qxd8+ Kxd8 9. Nc3 Ke8 10. Rd1 Ne7
11. h3 Ng6 12. b3 Be7 13. Ne4 b6 14. Re1 Kf8 15. Bb2 c5 16. Rad1 Nf4 17. Bc1 Ne6 18. c4 Bb7 19. Nc3 Bxf3 20. gxf3 Rd8
21. Rxd8+ Bxd8 22. f4 g6 23. Rd1 Bh4 24. Kg2 a6 25. Kf3 f5 26. Nd5 Bd8 27. Bb2 Kf7 28. b4 Rg8 29. bxc5 bxc5 30. Ne3 Be7
31. Rd7 Rd8 32. Rxd8 Bxd8=
1/2-1/2

[Event "only the better players(over 2400) leisure version"]
[Site "SchemingMind.com"]
[Date "2017.11.04"]
[Round "-"]
[White "Professor"]
[Black "kibic"]
[Result "1-0"]
[WhiteCountry "USA"]
[BlackCountry "INT"]
[WhiteElo "2550"]
[WhiteRD "82"]
[BlackElo "2532"]
[BlackRD "82"]
[GameID "420252"]

1. e4 e5 2. Nf3 Nc6 3. Bb5 a6 4. Ba4 Nf6 5. d3 d6 6. c3 g6 7. Nbd2 Bg7 8. O-O O-O 9. Re1 b5 10. Bc2 Re8
11. a4 b4 12. a5 Rb8 13. Nf1 Bd7 14. h3 Qc8 15. Ng3 Nd8 16. d4 bxc3 17. bxc3 Bb5 18. Be3 Ne6 19. Qd2 c5 20. d5 Nf4
21. Bxf4 exf4 22. Qxf4 Nd7 23. Ra3 Ne5 24. Nxe5 Bxe5 25. Qd2 Qc7 26. f4 Bg7 27. Kh2 Rb7 28. Raa1 h5 29. Kh1 Qd8 30. Re3 Qh4
31. Rf3 Bd7 32. Kg1 Rb2 33. Qc1 Rbb8 34. Nf1 Bh6 35. Bd3 Bb5 36. Qd2 Bg7 37. Bc2 Bh6 38. Rb1 Rf8 39. Rf2 Qd8 40. g4 hxg4
41. hxg4 Bg7 42. Ng3 Qh4 43. Kg2 Qxg4 44. Rh1 Rfe8 45. Bd1 Qd7 46. f5 Qe7 47. Bg4 Qe5 48. fxg6 fxg6 49. Rf3 Rb7 50. Be6+ Rxe6
51. dxe6 Qxe6 52. Rd1 Be5 53. Qg5 Bc6 54. Rdf1 Bg7 55. Qd8+ Be8 56. R1f2 Kh7 57. Qh4+ Kg8 58. Nf1 Re7 59. Nd2 Qe5 60. Rg3 Qe6
61. Rd3 Bf7 62. Kg1 Qe5 63. Rg3 Re6 64. Nc4 Qxe4 65. Qxe4 Rxe4 66. Rxf7 Rxc4 67. Rc7 Be5 68. Rxg6+ Kf8 69. Rh6 Kg8 70. Kf2 Rxc3
71. Re6 Kf8 72. Ree7 Bd4+ 73. Kg2 Rc2+ 74. Kh3 Rc3+ 75. Kg4 Re3 76. Rf7+ Kg8 77. Rfd7 Re4+ 78. Kf3
1-0

[Event "only the better players(over 2400) leisure version"]
[Site "SchemingMind.com"]
[Date "2017.11.04"]
[Round "-"]
[White "kibic"]
[Black "Professor"]
[Result "1/2-1/2"]
[WhiteCountry "INT"]
[BlackCountry "USA"]
[WhiteElo "2581"]
[WhiteRD "94"]
[BlackElo "2574"]
[BlackRD "84"]
[GameID "420253"]

1. e4 e5 2. Nf3 Nc6 3. Bb5 a6 4. Ba4 d6 5. c3 Bd7 6. O-O Nf6 7. d4 g6 8. Re1 b5 9. Bc2 Bg7 10. h3 O-O
11. Be3 Re8 12. Nbd2 Qb8 13. dxe5 Nxe5 14. Nxe5 Rxe5 15. Nf3 Re7 16. e5 dxe5 17. Bc5 Re8 18. Nxe5 Be6 19. a4 Qb7 20. Nd3 Bc4
21. Rxe8+ Rxe8 22. axb5 axb5 23. Nb4 Qc8 24. Ra7 h5 25. b3 Be6 26. Bd3 c6 27. c4 Bf5 28. Be3 Rd8 29. Bb6 Rd7 30. Rxd7 Qxd7
31. Be2 Bf8 32. Qxd7 Nxd7=
1/2-1/2

[Event "only the better players(over 2400) leisure version"]
[Site "SchemingMind.com"]
[Date "2017.11.04"]
[Round "-"]
[White "kibic"]
[Black "frankly"]
[Result "0-1"]
[WhiteCountry "INT"]
[BlackCountry "ENG"]
[WhiteElo "2548"]
[WhiteRD "93"]
[BlackElo "2583"]
[BlackRD "67"]
[GameID "420254"]

1. e4 c5 2. Nf3 Nc6 3. d4 cxd4 4. Nxd4 Nf6 5. Nc3 e5 6. Ndb5 d6 7. Bg5 a6 8. Na3 b5 9. Nd5 Be7 10. Bxf6 Bxf6
11. c3 O-O 12. Nc2 Bg5 13. a4 bxa4 14. Rxa4 a5 15. Bc4 Rb8 16. b3 Kh8 17. Nce3 g6 18. O-O f5 19. Qf3 Be6 20. Ra2 Qd7
21. Qg3 Bd8 22. exf5 gxf5 23. f4 exf4 24. Qxf4 Ne5 25. Qh6 Rf7 26. g3 Rg7 27. Qf4 Ng6 28. Qf2 Qc6 29. Re2 Ne5 30. Qf4 Bg8
31. h4 a4 32. Nb4 Qe4 33. Nxf5 Qxf4 34. Rxf4 Nxc4 35. bxc4 Bb6+ 36. Kg2 Rf7 37. Nxd6 Rxf4 38. gxf4 Rd8 39. Nb5 Bxc4 40. Re5 Rd2+
41. Kf3 Rf2+ 42. Kg3 Re2 43. Rf5 Re3+ 44. Kg2 Be6 45. Rf8+ Kg7 46. Ra8 Bd7 47. Rb8 Bc5 48. Rb7 Re7 49. Rb8 Re2+ 50. Kg3 Re3+
51. Kh2 Bxb5 52. Rb7+ Kf8 53. Rxb5 Rxc3 54. Nd5 Rc2+ 55. Kg3 a3 56. Ra5 a2 57. Kf3 Rd2 58. Nc3 Rd3+ 59. Kg4 Rxc3 60. Rxa2 Rd3
61. Ra5 Be7 62. h5 Rd7 63. Ra6 Bd6 64. Ra5 Kf7 65. Kf5 Rb7 66. Rd5 Rb6 67. Rd3 h6 68. Rd5 Ke7 69. Ra5 Rb4 70. Ra7+ Ke8
71. Ra8+ Kd7 72. Ra7+ Kc6 73. Ra6+ Kd5 74. Ra5+ Kc4 75. Ra1 Kc3 76. Re1 Rxf4+ 77. Kg6 Bf8 78. Re5 Kd4 79. Re8 Kd5 80. Rb8 Ke4
81. Ra8 Kf3 82. Ra1 Kg3 83. Rg1+ Kh2 84. Re1 Rg4+ 85. Kh7 Rg7+
0-1

[Event "only the better players(over 2400) leisure version"]
[Site "SchemingMind.com"]
[Date "2017.11.04"]
[Round "-"]
[White "frankly"]
[Black "kibic"]
[Result "1/2-1/2"]
[WhiteCountry "ENG"]
[BlackCountry "INT"]
[WhiteElo "2633"]
[WhiteRD "68"]
[BlackElo "2586"]
[BlackRD "94"]
[GameID "420255"]

1. e4 e5 2. Nf3 Nc6 3. Bb5 a6 4. Ba4 Nf6 5. O-O Be7 6. Re1 b5 7. Bb3 O-O 8. a4 b4 9. d3 d6 10. a5 Be6
11. Nbd2 Rb8 12. Nc4 Qc8 13. Be3 Qb7 14. Qe2 Nd7 15. Ba4 Bf6 16. Ncd2 Rfd8 17. h3 Nf8 18. c3 Nxa5 19. d4 exd4 20. cxd4 c5
21. d5 Bc8 22. Bc2 Qc7 23. Bd3 Ng6 24. Rab1 Ra8 25. Red1 h6 26. Ra1 Nb7 27. Nf1 a5 28. Ng3 a4 29. Nh5 Be7 30. Nd2 Ne5
31. Bb5 g6 32. Bxh6 Bd7 33. Bxd7 Nxd7 34. Qf3 Re8 35. e5 dxe5 36. Ng7 Red8 37. Ne6 fxe6 38. dxe6 Nd6 39. Ne4 Nf5 40. Rxd7 Rxd7
41. exd7 Rd8 42. Qg4 Qc6 43. Bg5 Rxd7 44. Bxe7 Rxe7 45. Rxa4 Qxa4 46. Qxg6+ Ng7 47. Nf6+=
1/2-1/2

[Event "only the better players(over 2400) leisure version"]
[Site "SchemingMind.com"]
[Date "2018.03.25"]
[Round "-"]
[White "Jari Laine"]
[Black "Till Plewe"]
[Result "1/2-1/2"]
[WhiteCountry "FIN"]
[BlackCountry "JPN"]
[WhiteElo "2498"]
[WhiteRD "73"]
[BlackElo "2483"]
[BlackRD "79"]
[GameID "426200"]

1. d4 d5 2. Bf4 Nf6 3. e3 e6 4. c3 Bd6 5. Bg3 O-O 6. Nf3 b6 7. Nbd2 c5 8. Bd3 Ba6 9. Bxa6 Nxa6 10. Qe2 Nb8
11. Ne5 Qc7 12. f4 Nc6 13. O-O Ne7 14. Bh4 Nd7 15. Nxd7 Qxd7 16. dxc5 Bxc5 17. Bxe7 Bxe7 18. a3 b5 19. Nf3 a5 20. Rfd1 Qb7
21. Nd4 Rab8 22. g3 Rfc8 23. Rac1 Bf6 24. h4 Rc4 25. f5 exf5 26. Nxf5 Qc6 27. Nd4 Qc5 28. Qf3 b4 29. axb4 axb4 30. cxb4 Rbxb4
31. Ra1 Rb8 32. Nf5 Bxb2 33. Ra6 Rc1 34. Rxc1 Qxc1+ 35. Kh2 Bf6 36. h5 Bg5 37. Ra7 Qc5 38. Rd7 Rf8=
1/2-1/2

[Event "only the better players(over 2400) leisure version"]
[Site "SchemingMind.com"]
[Date "2018.03.25"]
[Round "-"]
[White "Till Plewe"]
[Black "Jari Laine"]
[Result "1/2-1/2"]
[WhiteCountry "JPN"]
[BlackCountry "FIN"]
[WhiteElo "2469"]
[WhiteRD "75"]
[BlackElo "2504"]
[BlackRD "81"]
[GameID "426201"]

1. e4 e5 2. Nf3 Nc6 3. Bb5 Nf6 4. O-O Nxe4 5. d4 Nd6 6. Bxc6 dxc6 7. dxe5 Nf5 8. Qxd8+ Kxd8 9. h3 Bd7 10. Rd1 Be7
11. g4 Nh4 12. Nxh4 Bxh4 13. Nd2 Ke8 14. Ne4 h5 15. f3 Rd8 16. Bf4 b6 17. Kg2 c5 18. c4 Bc6 19. Nc3 g5 20. Be3 hxg4
21. hxg4 Ke7 22. Nd5+ Ke6 23. Nxc7+ Kxe5 24. Bd2 Rhg8 25. Bc3+ Kf4 26. Nd5+ Bxd5 27. Rxd5 Rxd5 28. cxd5 Rd8 29. Rd1 f5 30. Bd2+=
1/2-1/2

[Event "only the better players(over 2400) leisure version"]
[Site "SchemingMind.com"]
[Date "2018.03.24"]
[Round "-"]
[White "Professor"]
[Black "Till Plewe"]
[Result "1/2-1/2"]
[WhiteCountry "USA"]
[BlackCountry "JPN"]
[WhiteElo "2555"]
[WhiteRD "80"]
[BlackElo "2483"]
[BlackRD "76"]
[GameID "426204"]

1. e4 e6 2. d4 d5 3. Nd2 Nf6 4. e5 Nfd7 5. c3 c5 6. Bd3 Nc6 7. Ne2 cxd4 8. cxd4 f6 9. exf6 Nxf6 10. Nf3 Bd6
11. O-O Qc7 12. Nc3 a6 13. Bd2 O-O 14. Rc1 Bd7 15. Re1 Ng4 16. g3 h6 17. Bf1 Qb6 18. Na4 Qa7 19. Be3 Bb4 20. Nc3 Rf7
21. Nh4 Nxe3 22. fxe3 Ne7 23. Bg2 Raf8 24. a3 Bd6 25. e4 Qb8 26. Qd3 dxe4 27. Nxe4 Bc6 28. Rcd1 Bd5 29. b4 b5 30. Rc1 g5
31. Nxd6 Qxd6 32. Ng6 Nxg6 33. Qxg6+ Rg7 34. Qd3=
1/2-1/2

[Event "only the better players(over 2400) leisure version"]
[Site "SchemingMind.com"]
[Date "2018.03.24"]
[Round "-"]
[White "Till Plewe"]
[Black "Professor"]
[Result "1/2-1/2"]
[WhiteCountry "JPN"]
[BlackCountry "USA"]
[WhiteElo "2483"]
[WhiteRD "76"]
[BlackElo "2555"]
[BlackRD "80"]
[GameID "426205"]

1. e4 e5 2. Nf3 Nc6 3. Bb5 a6 4. Ba4 d6 5. c3 Bd7 6. d4 Nf6 7. O-O g6 8. Re1 b5 9. Bb3 Bg7 10. Be3 O-O
11. Nbd2 Qe7 12. h3 Na5 13. Bc2 c5 14. d5 Nb7 15. b4 a5 16. bxc5 Nxc5 17. Bxc5 dxc5 18. a4 b4 19. Nc4 Ne8 20. Nfd2 Nd6
21. Nxd6 Qxd6 22. Nc4 Qa6 23. Bd3 Qa7 24. Ra2 Rab8 25. Qc1 bxc3 26. Qxc3 Rb4 27. Bf1 Rfb8 28. Ra3 f6 29. g3 Qc7 30. Qd2 Qd8
31. Qe3=
1/2-1/2

[Event "only the better players(over 2400) leisure version"]
[Site "SchemingMind.com"]
[Date "2018.03.26"]
[Round "-"]
[White "Till Plewe"]
[Black "tarun ganguli"]
[Result "1/2-1/2"]
[WhiteCountry "JPN"]
[BlackCountry "IND"]
[WhiteElo "2511"]
[WhiteRD "97"]
[BlackElo "2540"]
[BlackRD "110"]
[GameID "426207"]

1. e4 e6 2. d4 d5 3. Nc3 Nf6 4. e5 Nfd7 5. f4 c5 6. Nf3 Nc6 7. Be3 Be7 8. Qd2 O-O 9. dxc5 Nxc5 10. O-O-O b6
11. Bb5 Bb7 12. Bxc6 Bxc6 13. Nd4 Rc8 14. f5 b5 15. fxe6 fxe6 16. b4 Ne4 17. Nxc6 Rxc6 18. Nxe4 dxe4 19. Qxd8 Rxd8 20. Rxd8+ Bxd8
21. Rd1 Bc7 22. Bd4 Kf7 23. Re1= Rc4 24. c3 Bb6 25. Rxe4 Bxd4 26. Rxd4 Rxc3+ 27. Kb2 Rc7 28. Rd8 Rb7 29. Rd6 Re7 30. Rd8 Rb7=
1/2-1/2

[Event "only the better players(over 2400) leisure version"]
[Site "SchemingMind.com"]
[Date "2018.03.29"]
[Round "-"]
[White "kibic"]
[Black "Till Plewe"]
[Result "1/2-1/2"]
[WhiteCountry "INT"]
[BlackCountry "JPN"]
[WhiteElo "2542"]
[WhiteRD "80"]
[BlackElo "2496"]
[BlackRD "79"]
[GameID "426209"]

1. e4 e6 2. d4 d5 3. Nc3 Bb4 4. e5 Ne7 5. a3 Bxc3+ 6. bxc3 c5 7. Qg4 cxd4 8. Qxg7 Rg8 9. Qxh7 Qc7 10. Ne2 dxc3
11. f4 Nbc6 12. Qd3 d4 13. Nxd4 Nxd4 14. Qxd4 Bd7 15. Rg1 Nf5 16. Qf2 Qc6 17. Bd3 Qd5 18. a4 O-O-O 19. Ra3 Kb8 20. Rxc3 Bxa4
21. Ra3 Qc6 22. Bb2 Ne7 23. g3 b6 24. Qg2 Qd7 25. Qe4 Bc6 26. Qc4 Nf5 27. Kf2 Rc8 28. Rga1 Rc7 29. Bxf5 Bb5 30. Qd4 exf5
31. Qxd7 Rxc2+ 32. Kg1 Bxd7 33. e6 Rxb2 34. exd7 a5 35. Rd1 Rd8 36. h4 Rc2 37. Rad3 Kc7 38. h5 a4 39. R1d2 Rxd2 40. Rxd2 b5
41. h6 b4 42. Rc2+ Kb7 43. Rc4 b3 44. Rxa4 Rxd7 45. Rb4+ Kc6 46. Rxb3 Rd6 47. Ra3 Kb6 48. h7 Rh6 49. Re3 Rxh7 50. Re5 Rh5
51. Kf2 f6 52. Re6+ Kc7 53. Rxf6 Kd7 54. g4 fxg4 55. Kg3 Ke7 56. Rb6 Ra5 57. Kxg4=
1/2-1/2

[Event "only the better players(over 2400) leisure version"]
[Site "SchemingMind.com"]
[Date "2018.03.24"]
[Round "-"]
[White "Till Plewe"]
[Black "frankly"]
[Result "1/2-1/2"]
[WhiteCountry "JPN"]
[BlackCountry "ENG"]
[WhiteElo "2511"]
[WhiteRD "97"]
[BlackElo "2607"]
[BlackRD "70"]
[GameID "426210"]

1. e4 e5 2. Nf3 Nc6 3. Bb5 a6 4. Ba4 Nf6 5. O-O Be7 6. Re1 b5 7. Bb3 O-O 8. a4 b4 9. a5 d6 10. d3 Be6
11. Bxe6 fxe6 12. Nbd2 d5 13. c3 Bc5 14. Nb3 Ba7 15. Be3 Bxe3 16. Rxe3 Qd6 17. Nbd2 bxc3 18. bxc3 Rab8 19. h3 d4 20. cxd4 exd4
21. Re2 Nd7 22. Nc4 Qe7 23. Rc2 Rb5 24. Na3 Rc5 25. Rac1 h6 26. Rxc5 Nxc5 27. Nc4 e5 28. Rb1=
1/2-1/2

[Event "only the better players(over 2400) leisure version"]
[Site "SchemingMind.com"]
[Date "2018.03.24"]
[Round "-"]
[White "frankly"]
[Black "Till Plewe"]
[Result "1-0"]
[WhiteCountry "ENG"]
[BlackCountry "JPN"]
[WhiteElo "2602"]
[WhiteRD "69"]
[BlackElo "2455"]
[BlackRD "78"]
[GameID "426211"]

1. d4 d5 2. Nf3 Nf6 3. c4 e6 4. Nc3 Be7 5. Bf4 O-O 6. e3 b6 7. Bd3 dxc4 8. Bxc4 Ba6 9. Qe2 Bxc4 10. Qxc4 c5
11. dxc5 Bxc5 12. O-O Qc8 13. Rfd1 Be7 14. Qe2 Qb7 15. e4 Nc6 16. e5 Nd7 17. a3 Rac8 18. Ne4 Rfd8 19. h3 h6 20. Rac1 a6
21. Bg3 b5 22. Nd6 Bxd6 23. exd6 Nb6 24. Qe4 Qd7 25. Rc5 Qe8 26. Kh2 Na5 27. Rxc8 Nxc8 28. b3 Rd7 29. Qg4 f6 30. Re1 h5
31. Rxe6 hxg4 32. Rxe8+ Kf7 33. Rxc8 gxf3 34. Rc3 fxg2 35. h4 g6 36. Kxg2 Ke6 37. Kf3 Kd5 38. Rd3+ Ke6 39. Re3+ Kf5 40. Re7 Rd8
41. d7 Nc6 42. Bc7 Nxe7 43. Bxd8 Ke6 44. Bxe7 Kxe7 45. Ke4 Kxd7 46. Kd5
1-0

[Event "only the better players(over 2400) leisure version"]
[Site "SchemingMind.com"]
[Date "2018.05.02"]
[Round "-"]
[White "Jari Laine"]
[Black "Keithk"]
[Result "1/2-1/2"]
[WhiteCountry "FIN"]
[BlackCountry "ENG"]
[WhiteElo "2527"]
[WhiteRD "77"]
[BlackElo "2561"]
[BlackRD "61"]
[GameID "427812"]

1. e4 e5 2. Nf3 Nc6 3. d4 exd4 4. Nxd4 Bc5 5. Nxc6 Qf6 6. Qd2 dxc6 7. Nc3 Be6 8. Na4 Bd6 9. Qe3 Nh6 10. h3 O-O
11. Be2 Rae8 12. Nc3 Qg6 13. Qg5 f5 14. Qxg6 hxg6 15. O-O Nf7 16. Rd1 f4 17. b3 Ne5 18. f3 g5 19. Bb2 Rd8 20. a4 Ng6
21. Na2 a5 22. Bc3 b6 23. Rd2 Be5 24. Rad1 Rxd2 25. Rxd2 Kf7 26. Kf2 Bf6 27. Rd1 Bxc3 28. Nxc3 Ke7 29. Na2 Bc8 30. Nc1 Rd8
31. Rxd8 Kxd8 32. Ke1 Kd7 33. Nd3 Kd6 34. Kd2 Nh4 35. Ne1 Bd7 36. Ba6 c5 37. Bf1=
1/2-1/2

[Event "only the better players(over 2400) leisure version"]
[Site "SchemingMind.com"]
[Date "2018.05.02"]
[Round "-"]
[White "Keithk"]
[Black "Jari Laine"]
[Result "1/2-1/2"]
[WhiteCountry "ENG"]
[BlackCountry "FIN"]
[WhiteElo "2572"]
[WhiteRD "58"]
[BlackElo "2529"]
[BlackRD "81"]
[GameID "427813"]

1. e4 c6 2. d4 d5 3. Nc3 dxe4 4. Nxe4 Bf5 5. Ng3 Bg6 6. h4 h6 7. Nf3 Nd7 8. h5 Bh7 9. Bd3 Bxd3 10. Qxd3 e6
11. Bf4 Qa5+ 12. Bd2 Bb4 13. c3 Be7 14. c4 Qc7 15. O-O-O Ngf6 16. Kb1 O-O 17. Rhe1 a5 18. Ne5 Nxe5 19. dxe5 Rfd8 20. Qe2 Nd7
21. f4 Nc5 22. Be3 a4 23. a3 Qa5 24. Bxc5 Bxc5 25. Ne4 Be7 26. Rxd8+ Rxd8 27. Rd1 Qb6 28. Rxd8+ Qxd8 29. Ka2 Qd4 30. g3 Bd8
31. Nd6 Bc7 32. Nxb7 Qb6 33. Nd6 Qb3+ 34. Kb1 Qxg3 35. Qe4 Qb3 36. Qxc6 Qd1+=
1/2-1/2